La invención de Morel
Tallennettuna:
| Päätekijä: | |
|---|---|
| Aineistotyyppi: | Kirja |
| Kieli: | espanja |
| Julkaistu: |
Madrid
Alianza
1981
|
| Painos: | Tercera edición |
| Sarja: | El Libro de Bolsillo. Sección Literatura
|
| Aiheet: | |
| Tagit: |
Lisää tagi
Ei tageja, Lisää ensimmäinen tagi!
|
MARC
| LEADER | 00000nam a2200000 a 4500 | ||
|---|---|---|---|
| 001 | UCT6427 | ||
| 003 | CL-VaPUC | ||
| 005 | 20210611001437.0 | ||
| 008 | 970113e19810000SP |||||||||||||||||spa|d | ||
| 999 | |c 255134 |d 255132 | ||
| 040 | |c Pontificia Universidad Católica de Valparaíso | ||
| 082 | 0 | 4 | |a Ar863 BIO 1981 |2 21 |
| 100 | 0 | |a Bioy Casares, Adolfo |9 376626 | |
| 245 | 1 | 3 | |a La invención de Morel |
| 250 | |a Tercera edición | ||
| 260 | |a Madrid |b Alianza |c 1981 | ||
| 300 | |a 126 páginas | ||
| 490 | 0 | |a El Libro de Bolsillo. Sección Literatura | |
| 583 | |a last modification |c 19970113 00:00:00 |k Rodrigo Vera | ||
| 650 | 0 | |a Novelas argentinas |9 267871 | |
| 650 | 0 | |a Literatura argentina |9 320596 | |
| 942 | |c BK |2 ddc | ||
| 945 | |d 19970113 00:00:00 |a rbrito | ||
| 952 | |0 0 |1 0 |2 ddc |4 0 |6 AR_863_000000000000000_BIO_1981 |7 0 |8 A |9 277242 |a BIBEDU |b BIBEDU |d 2019-11-19 |i 3266435 |o Ar863 BIO 1981 |p 3266435 |r 2019-11-19 |t 1 |w 2019-11-19 |y BK |k LIT | ||